000 01966nam a2200349Ia 4500
999 _c55062
_d55062
001 22137
003 GE_BSU
005 20221125172112.0
008 181216s ||||ge |||||||||||||| ||geo||
020 _a9789941247231
040 _cGE_BSU
041 _ageo
080 _a316.46:17.022.1 გ-65
100 _aგოლდსმითი, მარშალ
_916128
245 _aახალ მიზანს ახალი ფორმულა სჭირდება" = What got you here won't get you there /
_cმარშალ გოლდსმითი, მარკ რაიტერი ; მთარგმნელი მარიამ ყიასაშვილი ; რედაქტორი რუსუდან დარჩიაშვილი ; დიზაინერი თეკლა გიაშვილი. ედაქტორი რუსუდან დარჩიაშვილი ;
264 _aთბილისი :
_bპალიტრა L,
_c2017.
300 _a320 გვ. ;
_c21 სმ.
490 _aლურჯი ოკეანე
541 _h10ლ.50თ.
653 _aახალ მიზანს ახალი ფორმულა სჭირდება" = What got you here won't get you there
653 _aეთიკა
653 _aმოძღვრება მორალზე
653 _aლიდერობა
653 _aპატიოსნება
653 _a წარმატება
653 _aსოციოლოგია
700 _aრაიტერი, მარკ
_eავტორი
_916129
700 _aყიასაშვილი, მარიამ
_eმთარგმნელი
_916130
700 _aდარჩიაშვილი, რუსუდან
_eრედაქტორი
_916131
700 _aგიაშვილი, თეკლა
_eდიზაინერი
_912269
942 _cBK
_2udc